书目信息 |
| 题名: |
满语对清代旗人汉语的语法干扰研究
|
|
| 作者: | 张俊阁 著 | |
| 分册: | 1 | |
| 出版信息: | 北京 商务印书馆 2025 |
|
| 页数: | 622页 | |
| 开本: | 22cm | |
| 丛书名: | ||
| 单 册: | ||
| 中图分类: | H221 | |
| 科图分类: | ||
| 主题词: | 少数民族--民族语--中国 | |
| 电子资源: | ||
| ISBN: | 7-100-24938-4 | |
| 000 | 00624nam0 2200193 450 | |
| 001 | 2558699399 | |
| 005 | 20250901162134.20 | |
| 010 | @a7-100-24938-4@dCNY90.00 | |
| 100 | @a20250901d2025 km y0chiy0120 ea | |
| 101 | 0 | @achi |
| 102 | @aCN@b110000 | |
| 200 | 1 | @a满语对清代旗人汉语的语法干扰研究@AMan Yu Dui Qing Dai Qi Ren Han Yu De Yu Fa Gan Rao Yan Jiu@h1@f张俊阁著@FZhang Jun Ge Zhu |
| 210 | @a北京@c商务印书馆@d2025 | |
| 215 | @a622页@d22cm | |
| 606 | 0 | @a少数民族@x民族语@x中国 |
| 690 | @aH221@v4 | |
| 701 | 0 | @a张俊阁@AZhang Jun Ge@4著 |
| 801 | 0 | @aCN@b大连网信软件有限公司图书馆·11@c20250901 |
| 905 | @aZUCC@dH221@e1645 | |
| 满语对清代旗人汉语的语法干扰研究.1/张俊阁著.-北京:商务印书馆,2025 |
| 622页;22cm |
| ISBN 7-100-24938-4:CNY90.00 |
| ● |
| 相关链接 |
|
|
|
|
正题名:满语对清代旗人汉语的语法干扰研究
索取号:H221/1645
 
预约/预借
| 序号 | 登录号 | 条形码 | 馆藏地/架位号 | 状态 | 备注 |
| 1 | 1440068 | 214400682 | 第二样本阅览室/ [索取号:H221/1645] |
已借出,限还日期为2035.08.31 借出人:刘巍 |